Almanaque mundial 2000 : crónica de un siglo /

Պահպանված է:
Մատենագիտական մանրամասներ
Հիմնական հեղինակ: González Ortega, Andrés Jorge (dirección)
Ձևաչափ: Գիրք
Լեզու:իսպաներեն
Հրապարակվել է: México : Televisa, 2000, c2000
Խորագրեր:
Ցուցիչներ: Ավելացրեք ցուցիչ
Չկան պիտակներ, Եղեք առաջինը, ով նշում է այս գրառումը!

MARC

LEADER 00000nam^a2200000^a^4500
001 000421053
005 20250526000000.0
009 20260310122527.106
037 |a Acervo ITESO - Biblioteca 
041 |a ESP 
082 |a 030.  |b ALM 2000 
100 |a González Ortega, Andrés Jorge  |e (dirección) 
240 1 1 |a [Almanaque mundial] 
245 1 0 |a Almanaque mundial 2000 :  |b crónica de un siglo /  |c Dir. de A.J. González Ortega. 
264 4 |a México :  |b Televisa,  |c 2000, c2000 
300 |a 1 v. (varias paginaciones) ;  |c 19.5 cm. 
336 |a texto  |b txt  |2 rdacontenido 
337 |a sin mediación  |b n  |2 rdamedio 
338 |a volumen  |b nc  |2 rdasoporte 
649 |a XX 
650 |a Almanaques -  |x Tema Principal 
650 |a Anuarios 
650 |a Cronología Histórica -  |y 2000-2009 -  |x Tema Principal 
650 |a Cronología Histórica -  |y Siglo XXI 
650 |a Geografía Política 
650 |a Economía Internacional 
650 |a Política Internacional 
650 |a Historia Moderna -  |y Siglo XXI 
650 |a Historia Universal 
910 |a Fondo Alfonso de Alba Martín 
920 |a Impresos - Libros 
930 |a Libros Antiguos y Raros 
905 |a 125 
901 |a 0500335961  |b IT2  |c LRA  |i D98705  |u 20250526 
902 |a https://opac.biblio.iteso.mx/vufind/Record/000421053